| 000 | 00558nam a22001817a 4500 | ||
|---|---|---|---|
| 999 |
_c18842 _d18842 |
||
| 003 | AR-CdUCM | ||
| 008 | 190515b ||||| |||| 00| 0 spa d | ||
| 040 |
_aMUNICIPALIDAD PROVINCIAL DEL CUSCO _cBIBLIOTECA MUNICIPAL DEL CUSCO |
||
| 082 |
_a869.5603 / _bR84 |
||
| 100 |
_aRosas Paravicino, Enrique. _9417 |
||
| 245 | _aEl gran señor / | ||
| 260 |
_aCusco : _bMunicipalidad del Qosqo, _c1994. |
||
| 300 |
_a250 páginas ; _c21 cm. |
||
| 650 |
_aLiteratura Peruana. _9132 |
||
| 650 |
_aSiglo XX. _925610 |
||
| 942 |
_2ddc _cLIBROS |
||
| 945 |
_arum _d2019-05-15 |
||